000 00662nam a2200193Ia 4500
003 GCL
008 140319s9999 xx 000 0 ara d
020 _a3210914977
040 _aGCL /
_cGCL
082 0 4 _a229.7
_bا م
100 1 _aاحمد شوقى ابراهيم
245 1 0 _aموسوعة الاعجاز العلمى فى الحديث النبوى /
_cاحمد شوقى ابراهيم
250 _aالاولى
260 _aالقاهرة :
_bنهضة مصر للطباعة والنشر والتوزيع ،
_c2003
300 _aمتعدد ؛
_c224 سم
650 0 4 _aالحديث - شرح
650 0 4 _aالحديث - اعجاز
942 _2ddc
_cBK
999 _c33232
_d33232